|
|
|
|
| LEADER |
00000caa a2200000 c 4500 |
| 001 |
1662054815 |
| 003 |
DE-627 |
| 005 |
20220610110056.0 |
| 007 |
tu |
| 008 |
070620s2007 xx ||||| 00| ||und c |
| 035 |
|
|
|a (DE-627)1662054815
|
| 035 |
|
|
|a (DE-576)265807948
|
| 035 |
|
|
|a (DE-599)BSZ265807948
|
| 040 |
|
|
|a DE-627
|b ger
|c DE-627
|e rakwb
|
| 100 |
1 |
|
|a Schroeder, Christoph
|d 1958-
|0 (DE-588)1103568345
|0 (DE-627)861363183
|0 (DE-576)470663502
|4 aut
|
| 109 |
|
|
|a Schroeder, Christoph 1958-
|a Schröder, Christoph 1958-
|a Schroeder, C. 1958-
|
| 245 |
1 |
0 |
|a Integration und Sprache
|b [im sozialen Verständnis von Integration erhält die Deutschbeherrschung von Zuwanderern eine Schlüsselrolle] = sprachbezogene Erwartungen gesellschaftlicher Institutionen
|c Christoph Schroeder
|
| 246 |
3 |
1 |
|a sprachbezogene Erwartungen gesellschaftlicher Institutionen
|
| 264 |
|
1 |
|c 2007
|
| 300 |
|
|
|a 57 (2007) 22/23, S.6-12
|
| 336 |
|
|
|a Text
|b txt
|2 rdacontent
|
| 337 |
|
|
|a ohne Hilfsmittel zu benutzen
|b n
|2 rdamedia
|
| 338 |
|
|
|a Band
|b nc
|2 rdacarrier
|
| 773 |
0 |
8 |
|i In
|t Aus Politik und Zeitgeschichte
|d Bonn : Bundeszentrale für Politische Bildung, 1953
|g 57(2007), 22/23, Seite 6-12
|w (DE-627)12930347X
|w (DE-600)123630-1
|w (DE-576)014497662
|x 0479-611X
|7 nnas
|
| 773 |
1 |
8 |
|g volume:57
|g year:2007
|g number:22/23
|g pages:6-12
|
| 935 |
|
|
|a mkri
|
| 951 |
|
|
|a AR
|
| ELC |
|
|
|b 1
|
| LOK |
|
|
|0 000 xxxxxcx a22 zn 4500
|
| LOK |
|
|
|0 001 3415808165
|
| LOK |
|
|
|0 003 DE-627
|
| LOK |
|
|
|0 004 1662054815
|
| LOK |
|
|
|0 005 20250404093355
|
| LOK |
|
|
|0 008 160208||||||||||||||||ger|||||||
|
| LOK |
|
|
|0 040
|a DE-21-110
|c DE-627
|d DE-21-110
|
| LOK |
|
|
|0 689
|a s
|a Migration
|
| LOK |
|
|
|0 689
|a s
|a Integration
|
| LOK |
|
|
|0 689
|a s
|a Sprache
|
| LOK |
|
|
|0 852
|a DE-21-110
|
| LOK |
|
|
|0 852 1
|m p
|9 00
|
| LOK |
|
|
|0 935
|a k110
|
| LOK |
|
|
|0 938
|k p
|
| LOK |
|
|
|0 939
|a 08-02-16
|b l01
|
| ORI |
|
|
|a SA-MARC-krimdoka001.raw
|